Every WWE PPV Main Event from 2000-2009 (No Royal Rumble) - Statistics

General Stats
  • This quiz has been taken 62 times
  • The average score is 354 of 386
Answer Stats
PPV/PLE Answer Year Stipulation % Correct
Survivor Series Booker T 2002 Elimination Chamber Match for the World Heavyweight Championship
100%
Armageddon Booker T 2004 Fatal Four-Way Match for the WWE Championship
100%
Judgement Day John Cena 2005 I Quit Match for the WWE Championship
100%
Judgement Day John Cena 2007 WWE Championship Match
100%
Vengeance John Cena 2007 Fatal Five-Way Match for the WWE Championship
100%
Summerslam John Cena 2006 WWE Championship Match
100%
Summerslam John Cena 2007 WWE Championship Match
100%
Unforgiven John Cena 2005 WWE Championship Match
100%
Unforgiven John Cena 2006 TLC Match for the WWE Championship
100%
Survivor Series John Cena 2008 World Heavyweight Championship Match
100%
Survivor Series John Cena 2009 Triple Threat Match for the WWE Championship
100%
Armageddon John Cena 2006 Tag Team Match
100%
No Way Out John Cena 2007 Tag Team Match
100%
No Way Out John Cena 2009 Elimination Chamber Match for the World Heavyweight Championship
100%
Wrestlemania John Cena 2006 WWE Championship Match
100%
Wrestlemania John Cena 2007 WWE Championship Match
100%
Backlash John Cena 2006 Triple Threat Match for the WWE Championship
100%
Backlash John Cena 2007 Fatal Four-Way Match for the WWE Championship
100%
Backlash John Cena 2008 Fatal Four-Way Match for the WWE Championship
100%
The Great American Bash John Cena 2007 WWE Championship Match
100%
Taboo Tuesday John Cena 2005 Triple Threat Match for the WWE Championship
100%
New Year's Revolution John Cena 2006 Elimination Chamber Match for the WWE Championship
100%
New Year's Revolution John Cena 2007 WWE Championship Match
100%
One Night Stand John Cena 2006 WWE Championship Match
100%
One Night Stand John Cena 2007 Falls Count Anywhere Match for the WWE Championship
100%
Cyber Sunday John Cena 2006 Triple Threat Match for the World Heavyweight Championship
100%
Night of Champions John Cena 2008 WWE Championship Match
100%
Bragging Rights John Cena 2009 60-Minute Anything Goes Iron Man Match for the WWE Championship
100%
Vengeance King Booker 2007 Fatal Five-Way Match for the WWE Championship
100%
No Mercy King Booker 2006 Fatal Four-Way Match for the World Heavyweight Championship
100%
Survivor Series King Booker 2006 World Heavyweight Championship Match
100%
Armageddon King Booker 2006 Tag Team Match
100%
The Great American Bash King Booker 2006 World Heavyweight Championship Match
100%
Vengeance Shawn Michaels 2006 5-2 Handicap Match
100%
Summerslam Shawn Michaels 2003 Elimination Chamber Match for the World Heavyweight Championship
100%
Summerslam Shawn Michaels 2005 Singles Match
100%
No Mercy Shawn Michaels 2008 Ladder Match for the World Heavyweight Championship
100%
Survivor Series Shawn Michaels 2002 Elimination Chamber Match for the World Heavyweight Championship
100%
Survivor Series Shawn Michaels 2005 5-on-5 Survivor Series Match
100%
Survivor Series Shawn Michaels 2009 Triple Threat Match for the WWE Championship
100%
Armageddon Shawn Michaels 2002 Three Stages of Hell Match for the World Heavyweight Championship
100%
No Way Out Shawn Michaels 2007 Tag Team Match
100%
No Way Out Shawn Michaels 2008 Elimination Chamber Match for the WWE Championship
100%
Wrestlemania Shawn Michaels 2004 Triple Threat Match for the World Heavyweight Championship
100%
Wrestlemania Shawn Michaels 2007 WWE Championship Match
100%
Backlash Shawn Michaels 2004 Triple Threat Match for the World Heavyweight Championship
100%
Backlash Shawn Michaels 2007 Fatal Four-Way Match for the WWE Championship
100%
Bad Blood Shawn Michaels 2004 Hell in a Cell Match
100%
Taboo Tuesday Shawn Michaels 2005 Triple Threat Match for the WWE Championship
100%
New Year's Revolution Shawn Michaels 2006 Elimination Chamber Match for the WWE Championship
100%
Hell in a Cell Shawn Michaels 2009 Hell in a Cell Tag Team Match
100%
TLC: Tables, Ladders & Chairs Shawn Michaels 2009 TLC Match for the Unified WWE Tag Team Championships
100%
Judgement Day The Rock 2000 Iron Man Match for the WWF Championship
100%
King of the Ring The Rock 2000 Six-Man Tag Team Match for the WWF Championship
100%
Fully Loaded The Rock 2000 WWF Championship Match
100%
Vengeance The Rock 2002 Triple Threat Match for the WWE Undisputed Championship
100%
Summerslam The Rock 2000 Triple Threat Match for the WWF Championship
100%
Summerslam The Rock 2001 WCW Championship Match
100%
Summerslam The Rock 2002 WWE Undisputed Championship Match
100%
Unforgiven The Rock 2000 Fatal Four-Way Match for the WWF Championship
100%
No Mercy The Rock 2000 No Disqualification Match for the WWF Championship
100%
Rebellion The Rock 2000 Fatal Four-Way Match for the WWF Championship
100%
Rebellion The Rock 2001 WWF Championship Match
100%
Survivor Series The Rock 2001 5-on-5 Survivor Series Match
100%
Armageddon The Rock 2000 Six-Man Hell in a Cell Match for the WWF Championship
100%
No Way Out The Rock 2001 WWF Championship Match
100%
No Way Out The Rock 2003 Singles Match
100%
Wrestlemania The Rock 2000 Four-Way Elimination Match for the WWF Championship
100%
Wrestlemania The Rock 2001 No Disqualification Match for the WWF Championship
100%
Backlash The Rock 2000 WWF Championship Match
100%
Backlash The Rock 2003 Singles Match
100%
Insurrextion The Rock 2000 Triple Threat Match for the WWF Championship
100%
Judgement Day Triple H 2000 Iron Man Match for the WWF Championship
100%
Judgement Day Triple H 2008 Steel Cage Match for the WWE Championship
100%
King of the Ring Triple H 2000 Six-Man Tag Team Match for the WWF Championship
100%
King of the Ring Triple H 2002 WWE Undisputed Championship Match
100%
Vengeance Triple H 2004 World Heavyweight Championship Match
100%
Vengeance Triple H 2005 Hell in a Cell Match for the World Heavyweight Championship
100%
Vengeance Triple H 2006 5-2 Handicap Match
100%
Summerslam Triple H 2000 Triple Threat Match for the WWF Championship
100%
Summerslam Triple H 2003 Elimination Chamber Match for the World Heavyweight Championship
100%
Unforgiven Triple H 2003 World Heavyweight Championship Match
100%
Unforgiven Triple H 2004 World Heavyweight Championship Match
100%
No Mercy Triple H 2007 Last Man Standing Match for the WWE Championship
100%
Survivor Series Triple H 2000 No Disqualification Match
100%
Survivor Series Triple H 2002 Elimination Chamber Match for the World Heavyweight Championship
100%
Survivor Series Triple H 2003 World Heavyweight Championship Match
100%
Survivor Series Triple H 2004 4-on-4 Survivor Series Match
100%
Survivor Series Triple H 2009 Triple Threat Match for the WWE Championship
100%
Armageddon Triple H 2000 Six-Man Hell in a Cell Match for the WWF Championship
100%
Armageddon Triple H 2002 Three Stages of Hell Match for the World Heavyweight Championship
100%
Armageddon Triple H 2003 Triple Threat Match for the World Heavyweight Championship
100%
Armageddon Triple H 2008 Triple Threat Match for the WWE Championship
100%
No Way Out Triple H 2000 WWF Championship Match
100%
No Way Out Triple H 2008 Elimination Chamber Match for the WWE Championship
100%
Wrestlemania Triple H 2002 Undisputed WWF Championship Match
100%
Wrestlemania Triple H 2004 Triple Threat Match for the World Heavyweight Championship
100%
Wrestlemania Triple H 2005 World Heavyweight Championship Match
100%
Wrestlemania Triple H 2006 WWE Championship Match
100%
Wrestlemania Triple H 2009 WWE Championship Match
100%
Backlash Triple H 2000 WWF Championship Match
100%
Backlash Triple H 2001 Winner Takes All Tag Team Match
100%
Backlash Triple H 2002 Undisputed WWF Championship Match
100%
Backlash Triple H 2004 Triple Threat Match for the World Heavyweight Championship
100%
Backlash Triple H 2005 World Heavyweight Championship Match
100%
Backlash Triple H 2006 Triple Threat Match for the WWE Championship
100%
Backlash Triple H 2008 Fatal Four-Way Match for the WWE Championship
100%
Insurrextion Triple H 2000 Triple Threat Match for the WWF Championship
100%
Insurrextion Triple H 2001 2-on-1 Handicap Match for the WWF Championship
100%
Insurrextion Triple H 2002 Singles Match
100%
Insurrextion Triple H 2003 Street Fight for the World Heavyweight Championship
100%
Bad Blood Triple H 2003 Hell in a Cell Match for the World Heavyweight Championship
100%
Bad Blood Triple H 2004 Hell in a Cell Match
100%
The Great American Bash Triple H 2008 WWE Championship Match
100%
The Great American Bash Triple H 2009 Three Stages of Hell Match for the WWE Championship
100%
New Year's Revolution Triple H 2005 Elimination Chamber Match for the World Heavyweight Championship
100%
Night of Champions Triple H 2008 WWE Championship Match
100%
Hell in a Cell Triple H 2009 Hell in a Cell Tag Team Match
100%
TLC: Tables, Ladders & Chairs Triple H 2009 TLC Match for the Unified WWE Tag Team Championships
100%
Summerslam Booker T 2001 WCW Championship Match
98%
Survivor Series Booker T 2001 5-on-5 Survivor Series Match
98%
Invasion Booker T 2001 No Disqualification Ten-Man Tag Team Match
98%
Cyber Sunday Booker T 2006 Triple Threat Match for the World Heavyweight Championship
98%
Judgement Day Edge 2009 World Heavyweight Championship Match
98%
Summerslam Edge 2006 WWE Championship Match
98%
Summerslam Edge 2008 Hell in a Cell Match
98%
Unforgiven Edge 2006 TLC Match for the WWE Championship
98%
Rebellion Edge 2002 2-on-1 Handicap Match for the WWE Championship
98%
Survivor Series Edge 2004 4-on-4 Survivor Series Match
98%
Armageddon Edge 2007 Triple Threat Match for the World Heavyweight Championship
98%
Armageddon Edge 2008 Triple Threat Match for the WWE Championship
98%
No Way Out Edge 2009 Elimination Chamber Match for the World Heavyweight Championship
98%
Wrestlemania Edge 2008 World Heavyweight Championship Match
98%
Backlash Edge 2006 Triple Threat Match for the WWE Championship
98%
Backlash Edge 2007 Fatal Four-Way Match for the WWE Championship
98%
The Great American Bash Edge 2008 WWE Championship Match
98%
New Year's Revolution Edge 2005 Elimination Chamber Match for the World Heavyweight Championship
98%
One Night Stand Edge 2008 TLC Match for the World Heavyweight Championship
98%
Extreme Rules Edge 2009 World Heavyweight Championship Match
98%
Judgement Day Jeff Hardy 2009 World Heavyweight Championship Match
98%
Summerslam Jeff Hardy 2009 TLC Match for the World Heavyweight Championship
98%
Armageddon Jeff Hardy 2008 Triple Threat Match for the WWE Championship
98%
No Way Out Jeff Hardy 2008 Elimination Chamber Match for the WWE Championship
98%
Night of Champions Jeff Hardy 2009 World Heavyweight Championship Match
98%
Extreme Rules Jeff Hardy 2009 World Heavyweight Championship Match
98%
Judgement Day Stone Cold Steve Austin 2001 No Holds Barred Match for the WWF Championship
98%
King of the Ring Stone Cold Steve Austin 2001 Triple Threat Match for the WWF Championship
98%
Vengeance Stone Cold Steve Austin 2001 World Championship Unification Match
98%
Unforgiven Stone Cold Steve Austin 2001 WWF Championship Match
98%
No Mercy Stone Cold Steve Austin 2001 Triple Threat No Disqualification Match for the WWF Championship
98%
Rebellion Stone Cold Steve Austin 2000 Fatal Four-Way Match for the WWF Championship
98%
Rebellion Stone Cold Steve Austin 2001 WWF Championship Match
98%
Survivor Series Stone Cold Steve Austin 2000 No Disqualification Match
98%
Survivor Series Stone Cold Steve Austin 2001 5-on-5 Survivor Series Match
98%
Armageddon Stone Cold Steve Austin 2000 Six-Man Hell in a Cell Match for the WWF Championship
98%
No Way Out Stone Cold Steve Austin 2002 Undisputed WWF Championship Match
98%
Wrestlemania Stone Cold Steve Austin 2000 Four-Way Elimination Match for the WWF Championship
98%
Wrestlemania Stone Cold Steve Austin 2001 No Disqualification Match for the WWF Championship
98%
Backlash Stone Cold Steve Austin 2001 Winner Takes All Tag Team Match
98%
Insurrextion Stone Cold Steve Austin 2001 2-on-1 Handicap Match for the WWF Championship
98%
Invasion Stone Cold Steve Austin 2001 No Disqualification Ten-Man Tag Team Match
98%
Judgement Day The Undertaker 2001 No Holds Barred Match for the WWF Championship
98%
Judgement Day The Undertaker 2002 WWE Undisputed Championship Match
98%
King of the Ring The Undertaker 2000 Six-Man Tag Team Match for the WWF Championship
98%
King of the Ring The Undertaker 2002 WWE Undisputed Championship Match
98%
Vengeance The Undertaker 2002 Triple Threat Match for the WWE Undisputed Championship
98%
Summerslam The Undertaker 2008 Hell in a Cell Match
98%
Unforgiven The Undertaker 2000 Fatal Four-Way Match for the WWF Championship
98%
Unforgiven The Undertaker 2002 WWE Championship Match
98%
Unforgiven The Undertaker 2007 Singles Match
98%
No Mercy The Undertaker 2002 Hell in a Cell Match for the WWE Championship
98%
No Mercy The Undertaker 2003 Biker Chain Match for the WWE Championship
98%
No Mercy The Undertaker 2004 Last Ride Match for the WWE Championship
98%
Survivor Series The Undertaker 2001 5-on-5 Survivor Series Match
98%
Survivor Series The Undertaker 2007 Hell in a Cell Match for the World Heavyweight Championship
98%
Armageddon The Undertaker 2000 Six-Man Hell in a Cell Match for the WWF Championship
98%
Armageddon The Undertaker 2004 Fatal Four-Way Match for the WWE Championship
98%
Armageddon The Undertaker 2005 Hell in a Cell Match
98%
Armageddon The Undertaker 2007 Triple Threat Match for the World Heavyweight Championship
98%
No Way Out The Undertaker 2006 World Heavyweight Championship Match
98%
No Way Out The Undertaker 2007 Tag Team Match
98%
Wrestlemania The Undertaker 2008 World Heavyweight Championship Match
98%
Backlash The Undertaker 2001 Winner Takes All Tag Team Match
98%
Insurrextion The Undertaker 2001 2-on-1 Handicap Match for the WWF Championship
98%
Insurrextion The Undertaker 2002 Singles Match
98%
The Great American Bash The Undertaker 2004 2-on-1 Handicap Match
98%
Invasion The Undertaker 2001 No Disqualification Ten-Man Tag Team Match
98%
One Night Stand The Undertaker 2008 TLC Match for the World Heavyweight Championship
98%
Cyber Sunday The Undertaker 2007 World Heavyweight Championship Match
98%
Breaking Point The Undertaker 2009 Submission Match for the World Heavyweight Championship
98%
Vengeance Batista 2005 Hell in a Cell Match for the World Heavyweight Championship
95%
Unforgiven Batista 2008 Championship Scramble Match for the World Heavyweight Championship
95%
No Mercy Batista 2005 World Heavyweight Championship Match
95%
No Mercy Batista 2006 Fatal Four-Way Match for the World Heavyweight Championship
95%
Survivor Series Batista 2004 4-on-4 Survivor Series Match
95%
Survivor Series Batista 2005 5-on-5 Survivor Series Match
95%
Survivor Series Batista 2006 World Heavyweight Championship Match
95%
Survivor Series Batista 2007 Hell in a Cell Match for the World Heavyweight Championship
95%
Armageddon Batista 2006 Tag Team Match
95%
Armageddon Batista 2007 Triple Threat Match for the World Heavyweight Championship
95%
No Way Out Batista 2007 Tag Team Match
95%
Wrestlemania Batista 2005 World Heavyweight Championship Match
95%
Backlash Batista 2005 World Heavyweight Championship Match
95%
The Great American Bash Batista 2005 World Heavyweight Championship Match
95%
New Year's Revolution Batista 2005 Elimination Chamber Match for the World Heavyweight Championship
95%
Cyber Sunday Batista 2007 World Heavyweight Championship Match
95%
Cyber Sunday Batista 2008 World Heavyweight Championship Match
95%
Judgement Day Brock Lesnar 2003 Stretcher Match for the WWE Championship
95%
Vengeance Brock Lesnar 2003 Triple Threat Match for the WWE Championship
95%
Summerslam Brock Lesnar 2002 WWE Undisputed Championship Match
95%
Unforgiven Brock Lesnar 2002 WWE Championship Match
95%
No Mercy Brock Lesnar 2002 Hell in a Cell Match for the WWE Championship
95%
No Mercy Brock Lesnar 2003 Biker Chain Match for the WWE Championship
95%
Rebellion Brock Lesnar 2002 2-on-1 Handicap Match for the WWE Championship
95%
No Way Out Brock Lesnar 2004 WWE Championship Match
95%
Wrestlemania Brock Lesnar 2003 WWE Championship Match
95%
King of the Ring Chris Benoit 2001 Triple Threat Match for the WWF Championship
95%
Fully Loaded Chris Benoit 2000 WWF Championship Match
95%
Vengeance Chris Benoit 2004 World Heavyweight Championship Match
95%
Summerslam Chris Benoit 2004 World Heavyweight Championship Match
95%
Unforgiven Chris Benoit 2000 Fatal Four-Way Match for the WWF Championship
95%
Survivor Series Chris Benoit 2004 4-on-4 Survivor Series Match
95%
Wrestlemania Chris Benoit 2004 Triple Threat Match for the World Heavyweight Championship
95%
Backlash Chris Benoit 2004 Triple Threat Match for the World Heavyweight Championship
95%
New Year's Revolution Chris Benoit 2005 Elimination Chamber Match for the World Heavyweight Championship
95%
Judgement Day Eddie Guerrero 2004 WWE Championship Match
95%
No Mercy Eddie Guerrero 2005 World Heavyweight Championship Match
95%
Armageddon Eddie Guerrero 2004 Fatal Four-Way Match for the WWE Championship
95%
No Way Out Eddie Guerrero 2004 WWE Championship Match
95%
King of the Ring Kane 2000 Six-Man Tag Team Match for the WWF Championship
95%
Unforgiven Kane 2000 Fatal Four-Way Match for the WWF Championship
95%
Unforgiven Kane 2008 Championship Scramble Match for the World Heavyweight Championship
95%
Survivor Series Kane 2001 5-on-5 Survivor Series Match
95%
Survivor Series Kane 2002 Elimination Chamber Match for the World Heavyweight Championship
95%
Survivor Series Kane 2005 5-on-5 Survivor Series Match
95%
Armageddon Kane 2003 Triple Threat Match for the World Heavyweight Championship
95%
No Way Out Kane 2009 Elimination Chamber Match for the World Heavyweight Championship
95%
Backlash Kane 2001 Winner Takes All Tag Team Match
95%
Invasion Kane 2001 No Disqualification Ten-Man Tag Team Match
95%
New Year's Revolution Kane 2006 Elimination Chamber Match for the WWE Championship
95%
Judgement Day Randy Orton 2008 Steel Cage Match for the WWE Championship
95%
Vengeance Randy Orton 2007 Fatal Five-Way Match for the WWE Championship
95%
Summerslam Randy Orton 2003 Elimination Chamber Match for the World Heavyweight Championship
95%
Summerslam Randy Orton 2004 World Heavyweight Championship Match
95%
Summerslam Randy Orton 2007 WWE Championship Match
95%
Unforgiven Randy Orton 2004 World Heavyweight Championship Match
95%
No Mercy Randy Orton 2007 Last Man Standing Match for the WWE Championship
95%
Survivor Series Randy Orton 2004 4-on-4 Survivor Series Match
95%
Survivor Series Randy Orton 2005 5-on-5 Survivor Series Match
95%
Armageddon Randy Orton 2005 Hell in a Cell Match
95%
Wrestlemania Randy Orton 2009 WWE Championship Match
95%
Backlash Randy Orton 2007 Fatal Four-Way Match for the WWE Championship
95%
Backlash Randy Orton 2008 Fatal Four-Way Match for the WWE Championship
95%
The Great American Bash Randy Orton 2009 Three Stages of Hell Match for the WWE Championship
95%
Taboo Tuesday Randy Orton 2004 Steel Cage Match
95%
New Year's Revolution Randy Orton 2005 Elimination Chamber Match for the World Heavyweight Championship
95%
Bragging Rights Randy Orton 2009 60-Minute Anything Goes Iron Man Match for the WWE Championship
95%
King of the Ring Chris Jericho 2001 Triple Threat Match for the WWF Championship
93%
Vengeance Chris Jericho 2001 World Championship Unification Match
93%
Summerslam Chris Jericho 2003 Elimination Chamber Match for the World Heavyweight Championship
93%
Unforgiven Chris Jericho 2008 Championship Scramble Match for the World Heavyweight Championship
93%
No Mercy Chris Jericho 2008 Ladder Match for the World Heavyweight Championship
93%
Survivor Series Chris Jericho 2001 5-on-5 Survivor Series Match
93%
Survivor Series Chris Jericho 2002 Elimination Chamber Match for the World Heavyweight Championship
93%
Survivor Series Chris Jericho 2004 4-on-4 Survivor Series Match
93%
Survivor Series Chris Jericho 2008 World Heavyweight Championship Match
93%
No Way Out Chris Jericho 2002 Undisputed WWF Championship Match
93%
No Way Out Chris Jericho 2008 Elimination Chamber Match for the WWE Championship
93%
No Way Out Chris Jericho 2009 Elimination Chamber Match for the World Heavyweight Championship
93%
Wrestlemania Chris Jericho 2002 Undisputed WWF Championship Match
93%
Invasion Chris Jericho 2001 No Disqualification Ten-Man Tag Team Match
93%
New Year's Revolution Chris Jericho 2005 Elimination Chamber Match for the World Heavyweight Championship
93%
Cyber Sunday Chris Jericho 2008 World Heavyweight Championship Match
93%
TLC: Tables, Ladders & Chairs Chris Jericho 2009 TLC Match for the Unified WWE Tag Team Championships
93%
Vengeance Kurt Angle 2002 Triple Threat Match for the WWE Undisputed Championship
93%
Vengeance Kurt Angle 2003 Triple Threat Match for the WWE Championship
93%
Summerslam Kurt Angle 2000 Triple Threat Match for the WWF Championship
93%
Unforgiven Kurt Angle 2001 WWF Championship Match
93%
Unforgiven Kurt Angle 2005 WWE Championship Match
93%
No Mercy Kurt Angle 2000 No Disqualification Match for the WWF Championship
93%
No Mercy Kurt Angle 2001 Triple Threat No Disqualification Match for the WWF Championship
93%
Rebellion Kurt Angle 2000 Fatal Four-Way Match for the WWF Championship
93%
Survivor Series Kurt Angle 2001 5-on-5 Survivor Series Match
93%
Armageddon Kurt Angle 2000 Six-Man Hell in a Cell Match for the WWF Championship
93%
No Way Out Kurt Angle 2001 WWF Championship Match
93%
No Way Out Kurt Angle 2006 World Heavyweight Championship Match
93%
Wrestlemania Kurt Angle 2003 WWE Championship Match
93%
Invasion Kurt Angle 2001 No Disqualification Ten-Man Tag Team Match
93%
Taboo Tuesday Kurt Angle 2005 Triple Threat Match for the WWE Championship
93%
New Year's Revolution Kurt Angle 2006 Elimination Chamber Match for the WWE Championship
93%
Vengeance Mick Foley 2007 Fatal Five-Way Match for the WWE Championship
93%
Wrestlemania Mick Foley 2000 Four-Way Elimination Match for the WWF Championship
93%
Judgement Day Rey Mysterio 2006 World Heavyweight Championship Match
93%
Unforgiven Rey Mysterio 2008 Championship Scramble Match for the World Heavyweight Championship
93%
Survivor Series Rey Mysterio 2005 5-on-5 Survivor Series Match
93%
No Way Out Rey Mysterio 2009 Elimination Chamber Match for the World Heavyweight Championship
93%
The Great American Bash Rey Mysterio 2006 World Heavyweight Championship Match
93%
No Mercy Rob Van Dam 2001 Triple Threat No Disqualification Match for the WWF Championship
93%
Survivor Series Rob Van Dam 2001 5-on-5 Survivor Series Match
93%
Survivor Series Rob Van Dam 2002 Elimination Chamber Match for the World Heavyweight Championship
93%
One Night Stand Rob Van Dam 2006 WWE Championship Match
93%
December to Dismember Rob Van Dam 2006 Extreme Elimination Chamber Match for the ECW World Championship
93%
Judgement Day The Big Show 2003 Stretcher Match for the WWE Championship
93%
Vengeance The Big Show 2003 Triple Threat Match for the WWE Championship
93%
Survivor Series Big Show 2001 5-on-5 Survivor Series Match
91%
Survivor Series Big Show 2005 5-on-5 Survivor Series Match
91%
No Way Out Big Show 2005 Barbed Wire Steel Cage Match for the WWE Championship
91%
Wrestlemania Big Show 2000 Four-Way Elimination Match for the WWF Championship
91%
Cyber Sunday Big Show 2006 Triple Threat Match for the World Heavyweight Championship
91%
December to Dismember Big Show 2006 Extreme Elimination Chamber Match for the ECW World Championship
91%
TLC: Tables, Ladders & Chairs Big Show 2009 TLC Match for the Unified WWE Tag Team Championships
91%
Judgement Day "Hollywood" Hulk Hogan 2002 WWE Undisputed Championship Match
91%
Backlash "Hollywood' Hulk Hogan 2002 Undisputed WWF Championship Match
91%
Summerslam Hulk Hogan 2005 Singles Match
91%
No Way Out Hulk Hogan 2003 Singles Match
91%
Summerslam CM Punk 2009 TLC Match for the World Heavyweight Championship
89%
December to Dismember CM Punk 2006 Extreme Elimination Chamber Match for the ECW World Championship
89%
Night of Champions CM Punk 2009 World Heavyweight Championship Match
89%
Extreme Rules CM Punk 2009 World Heavyweight Championship Match
89%
Breaking Point CM Punk 2009 Submission Match for the World Heavyweight Championship
89%
Survivor Series John "Bradshaw" Layfield 2005 5-on-5 Survivor Series Match
86%
Armageddon John "Bradshaw" Layfield 2004 Fatal Four-Way Match for the WWE Championship
86%
No Way Out John "Bradshaw" Layfield 2005 Barbed Wire Steel Cage Match for the WWE Championship
86%
No Way Out John "Bradshaw" Layfield 2008 Elimination Chamber Match for the WWE Championship
86%
Backlash John "Bradshaw" Layfield 2008 Fatal Four-Way Match for the WWE Championship
86%
The Great American Bash John "Bradshaw" Layfield 2005 World Heavyweight Championship Match
86%
Taboo Tuesday Ric Flair 2004 Steel Cage Match
86%
Judgement Day John "Bradshaw" Layfield 2004 WWE Championship Match
84%
Judgement Day John "Bradshaw" Layfield 2005 I Quit Match for the WWE Championship
84%
Judgement Day John "Bradshaw" Layfield 2006 World Heavyweight Championship Match
84%
Unforgiven John "Bradshaw" Layfield 2008 Championship Scramble Match for the World Heavyweight Championship
84%
No Mercy John "Bradshaw" Layfield 2004 Last Ride Match for the WWE Championship
84%
Summerslam Goldberg 2003 Elimination Chamber Match for the World Heavyweight Championship
82%
Unforgiven Goldberg 2003 World Heavyweight Championship Match
82%
Survivor Series Goldberg 2003 World Heavyweight Championship Match
82%
Armageddon Goldberg 2003 Triple Threat Match for the World Heavyweight Championship
82%
Backlash Goldberg 2003 Singles Match
82%
King of the Ring Shane McMahon 2000 Six-Man Tag Team Match for the WWF Championship
80%
Survivor Series Shane McMahon 2001 5-on-5 Survivor Series Match
80%
Insurrextion Shane McMahon 2000 Triple Threat Match for the WWF Championship
80%
King of the Ring Vince McMahon 2000 Six-Man Tag Team Match for the WWF Championship
80%
Rebellion Rikishi 2000 Fatal Four-Way Match for the WWF Championship
77%
Armageddon Rikishi 2000 Six-Man Hell in a Cell Match for the WWF Championship
77%
Judgement Day The Great Khali 2007 WWE Championship Match
77%
One Night Stand The Great Khali 2007 Falls Count Anywhere Match for the WWE Championship
77%
Vengeance Bobby Lashley 2007 Fatal Five-Way Match for the WWE Championship
75%
No Mercy Bobby Lashley 2006 Fatal Four-Way Match for the World Heavyweight Championship
75%
Survivor Series Bobby Lashley 2005 5-on-5 Survivor Series Match
75%
The Great American Bash Bobby Lashley 2007 WWE Championship Match
75%
December to Dismember Bobby Lashley 2006 Extreme Elimination Chamber Match for the ECW World Championship
75%
No Way Out Umaga 2008 Elimination Chamber Match for the WWE Championship
75%
New Year's Revolution Umaga 2007 WWE Championship Match
75%
The Great American Bash Bubba Ray Dudley 2004 2-on-1 Handicap Match
66%
No Way Out Cactus Jack 2000 WWF Championship Match
66%
The Great American Bash D-Von Dudley 2004 2-on-1 Handicap Match
66%
Summerslam Kevin Nash 2003 Elimination Chamber Match for the World Heavyweight Championship
66%
Insurrextion Kevin Nash 2003 Street Fight for the World Heavyweight Championship
66%
Bad Blood Kevin Nash 2003 Hell in a Cell Match for the World Heavyweight Championship
66%
Hell in a Cell Ted Dibiase Jr. 2009 Hell in a Cell Tag Team Match
66%
Hell in a Cell Cody Rhodes 2009 Hell in a Cell Tag Team Match
64%
No Mercy Finlay 2006 Fatal Four-Way Match for the World Heavyweight Championship
64%
Armageddon Finlay 2006 Tag Team Match
64%
Survivor Series Carlito 2005 5-on-5 Survivor Series Match
61%
New Year's Revolution Carlito 2006 Elimination Chamber Match for the WWE Championship
61%
Survivor Series Chris Masters 2005 5-on-5 Survivor Series Match
61%
New Year's Revolution Chris Masters 2006 Elimination Chamber Match for the WWE Championship
61%
December to Dismember Hardcore Holly 2006 Extreme Elimination Chamber Match for the ECW World Championship
61%
Unforgiven Mark Henry 2007 Singles Match
61%
December to Dismember Test 2006 Extreme Elimination Chamber Match for the ECW World Championship
59%
One Night Stand Tommy Dreamer 2005 Tag Team Match
59%
One Night Stand The Sandman 2005 Tag Team Match
50%
Invasion Diamond Dallas Page 2001 No Disqualification Ten-Man Tag Team Match
48%
Vengeance Kenny 2006 5-2 Handicap Match
45%
Invasion Rhyno 2001 No Disqualification Ten-Man Tag Team Match
45%
Vengeance Johnny 2006 5-2 Handicap Match
43%
No Way Out Mike Knox 2009 Elimination Chamber Match for the World Heavyweight Championship
41%
Vengeance Mikey 2006 5-2 Handicap Match
41%
Vengeance Mitch 2006 5-2 Handicap Match
41%
Vengeance Nickey 2006 5-2 Handicap Match
41%
Rebellion Paul Heyman 2002 2-on-1 Handicap Match for the WWE Championship
39%
Survivor Series Gene Snitsky 2004 4-on-4 Survivor Series Match
36%
Survivor Series Maven 2004 4-on-4 Survivor Series Match
36%
Invasion Bubba Ray Dudley 2001 No Disqualification Ten-Man Tag Team Match
30%
One Night Stand Bubba Ray Dudley 2005 Tag Team Match
30%
Invasion D-Von Dudley 2001 No Disqualification Ten-Man Tag Team Match
30%
One Night Stand D-Von Dudley 2005 Tag Team Match
30%
No matching quizzes found
Score Distribution
Percent of People with Each Score
Percentile by Number Answered
Your Score History
You have not taken this quiz